<?xml version="1.0" encoding="UTF-8"?>
<collection xmlns:xsi="http://www.w3.org/2001/XMLSchema-instance" xsi:schemaLocation="http://www.loc.gov/MARC21/slim http://www.loc.gov/standards/marcxml/schema/MARC21slim.xsd" xmlns="http://www.loc.gov/MARC21/slim">
 <record>
  <leader>00000cam a2200000 i 4500</leader>
  <controlfield tag="001">UP-99796217613201092</controlfield>
  <controlfield tag="003">Buklod</controlfield>
  <controlfield tag="005">20220815135357.0</controlfield>
  <controlfield tag="006">a     r    |||| u|</controlfield>
  <controlfield tag="007">ta</controlfield>
  <controlfield tag="008">220815t20182018mau     r    |||| u|eng d</controlfield>
  <datafield tag="020" ind1=" " ind2=" ">
   <subfield code="a">9780081022665</subfield>
  </datafield>
  <datafield tag="035" ind1=" " ind2=" ">
   <subfield code="a">(iLib)UPD-00419765827</subfield>
  </datafield>
  <datafield tag="040" ind1=" " ind2=" ">
   <subfield code="a">OCLC</subfield>
   <subfield code="d">DSCI</subfield>
   <subfield code="e">rda</subfield>
  </datafield>
  <datafield tag="041" ind1=" " ind2=" ">
   <subfield code="a">eng</subfield>
  </datafield>
  <datafield tag="042" ind1=" " ind2=" ">
   <subfield code="a">DMLUC</subfield>
  </datafield>
  <datafield tag="090" ind1=" " ind2=" ">
   <subfield code="a">Z 679.55</subfield>
   <subfield code="b">W43 2018</subfield>
  </datafield>
  <datafield tag="100" ind1="1" ind2=" ">
   <subfield code="a">Webb, Katy Kavanagh</subfield>
   <subfield code="e">author</subfield>
  </datafield>
  <datafield tag="245" ind1="1" ind2="0">
   <subfield code="a">Development of creative spaces in academic libraries</subfield>
   <subfield code="b">a decision maker's guide</subfield>
   <subfield code="c">Katy Kavanagh Webb.</subfield>
  </datafield>
  <datafield tag="264" ind1=" " ind2="1">
   <subfield code="a">Cambridge, MA</subfield>
   <subfield code="b">Chandos Publishing</subfield>
   <subfield code="c">[2018]</subfield>
  </datafield>
  <datafield tag="300" ind1=" " ind2=" ">
   <subfield code="a">xvii, 194 pages</subfield>
   <subfield code="b">illustrations (chiefly color)</subfield>
   <subfield code="c">23 cm</subfield>
  </datafield>
  <datafield tag="336" ind1=" " ind2=" ">
   <subfield code="a">text</subfield>
   <subfield code="2">rdacontent</subfield>
  </datafield>
  <datafield tag="337" ind1=" " ind2=" ">
   <subfield code="a">unmediated</subfield>
   <subfield code="2">rdamedia</subfield>
  </datafield>
  <datafield tag="338" ind1=" " ind2=" ">
   <subfield code="a">volume</subfield>
   <subfield code="2">rdacarrier</subfield>
  </datafield>
  <datafield tag="490" ind1="1" ind2=" ">
   <subfield code="a">Chandos information professional series</subfield>
  </datafield>
  <datafield tag="504" ind1=" " ind2=" ">
   <subfield code="a">Includes bibliographical references and index.</subfield>
  </datafield>
  <datafield tag="505" ind1="0" ind2=" ">
   <subfield code="a">Section 1: Creative Space in the Academic Library: Space and Service Models -- 1. The Case for Creative Spaces in Academic Libraries -- 2. Defining Library Space and Service Models for Media Literacy -- 3. Digital Media Labs  -- 4. Digital Humanities Labs  -- 5. Data Visualization Labs  -- 6. Knowledge Market -- 7. Makerspaces -- Section 2: Developing a Creative Space in a Library -- Introduction to Section 2 -- 8. Conducting a Needs Assessment and Answering Important Questions -- 9. Gaining Feedback -- 10. Building Relationships with Campus and Outside Partners -- 11. Managing a Building Project  -- 12. Gathering Statistics, Conducting Assessment, and Telling your Story -- Section 3: Case Studies -- 13. Case Studies in the Literature -- 14. Case Study: University of Illinois at Urbana-Champaign, Undergraduate Library -- 15. Case Study: North Carolina State University -- 16. Case Study: Eastern Kentucky University, Noel Studio for Academic Creativity -- 17. Case Study: Georgetown University, Gelardin New Media Center &amp; Maker Hub -- 18. Case Study: Penn State University, Data Learning Center -- 19. Case Study: Georgia State, CURVE -- 20. Case Study: Duke University, The Ruppert Commons for Research, Technology and Collaboration (also known as &quot;The Edge&quot;) -- 21. Case Study: University of Colorado-Denver: Auraria Campus -- 22. Case Study: Yale University, Digital Humanities Lab -- 23. Case Study: University of Wisconsin-Milwaukee, Digital Humanities Lab -- 24. Case Study: Rutgers University, Digital Humanities Lab -- 25. Case Study: Grand Valley State University, Mary Idema Pew Library Learning and Information Commons -- 26. East Carolina University.</subfield>
  </datafield>
  <datafield tag="650" ind1=" " ind2="0">
   <subfield code="a">Academic libraries.</subfield>
  </datafield>
  <datafield tag="650" ind1=" " ind2="0">
   <subfield code="a">Academic libraries</subfield>
   <subfield code="x">Space utilization.</subfield>
  </datafield>
  <datafield tag="650" ind1=" " ind2="0">
   <subfield code="a">Creative thinking.</subfield>
  </datafield>
  <datafield tag="830" ind1=" " ind2="0">
   <subfield code="a">Chandos information professional series.</subfield>
  </datafield>
  <datafield tag="842" ind1=" " ind2=" ">
   <subfield code="a">Book</subfield>
  </datafield>
  <datafield tag="905" ind1=" " ind2=" ">
   <subfield code="a">FO</subfield>
  </datafield>
  <datafield tag="852" ind1="0" ind2=" ">
   <subfield code="a">UPD</subfield>
   <subfield code="b">DSCI</subfield>
   <subfield code="h">Z679.55</subfield>
   <subfield code="i">W43 2018</subfield>
  </datafield>
  <datafield tag="942" ind1=" " ind2=" ">
   <subfield code="a">Book</subfield>
  </datafield>
 </record>
</collection>
